Szczegóły MARC21

Kompetencje informatyczno-medialne nauczyciela : diagnozowanie stopnia opanowania wybranych obszarów kompetencji informatyczno-medialnych przez studentów edukacji techniczno-informatycznej /

003 -Nazwa inst., której nr kontr. jest w polu 001 [,]
    • @
    • Nazwa instytucji, której n kontrolny jest w polu 001
    • NUKAT
005 -DATA I CZAS OSTATNIEJ MODYFIKACJI [,]
    • @
    • pole kontrolne
    • 20241231111049.0
020 -Międzynarod. znormalizowany nr książki - ISBN [ , ]
    • a
    • Numer ISBN
    • 9788372416896 Find
040 -Instytucja sporządzająca opis [ , ]
    • a
    • Instytucja, która sporządziła opis (NP)
    • KR U/MBK
    • c
    • Instytucja, która sporządziła rekord (NP)
    • KR U/MBK
    • d
    • Instytucja, która zmodyfikowała rekord (P)
    • KR U/MBK
    • d
    • Instytucja, która zmodyfikowała rekord (P)
    • KR U/MBs
041 -Język dokumentu [0, ]
    • a
    • Język tekstu (P)
    • polski
    • b
    • Język streszczeń lub abstraktu (P)
    • niemiecki
942 -Rodzaj dokumentu [ , ]
    • c
    • Rodzaj dokumentu
    • Książka
100 -Hasło główne - nazwa osobowa [1, ]
    • a
    • Nazwa osobowa (NP)
    • Serdyński, Andrzej
    • d
    • Daty biograficzne (NP)
    • (1964- ).
    • 9
    • KHW
    • 25496
245 -Strefa tytułu i oznaczenia odpowiedzialności [1,0]
    • a
    • Tytuł
    • Kompetencje informatyczno-medialne nauczyciela : Find
    • b
    • Ciąg dalszy tytułu (NP)
    • diagnozowanie stopnia opanowania wybranych obszarów kompetencji informatyczno-medialnych przez studentów edukacji techniczno-informatycznej / Find
    • c
    • Pozostałe elementy strefy tytułu i oznaczenia odpowiedzialności (NP)
    • Andrzej Serdyński.
260 -Strefa adresu wydawniczego [ , ]
    • a
    • Miejsce wydania (P)
    • Szczecin :
    • b
    • Nazwa wydawcy (P)
    • Wydawnictwo Naukowe Uniwersytetu Szczecińskiego,
    • c
    • Data wydania (P)
    • 2009.
300 -Strefa opisu fizycznego [ , ]
    • a
    • Określenie formy książki i/lub objętość (NP)
    • 267 s. :
    • b
    • Oznaczenie ilustracji (NP)
    • il. ;
    • c
    • Format (NP)
    • 24 cm.
336 -Typ zawartości [ , ]
    • a
    • Termin opisujący typ zawartości
    • Tekst
    • b
    • Kod określający zawartość
    • txt
    • 2
    • Źródło (terminu i kodu)
    • rdacontent
337 -Typ mediów [ , ]
    • a
    • Tryb odtwarzania
    • Bez urządzenia pośredniczącego
    • b
    • Kod typu mediów
    • n
    • 2
    • Źródło (terminu i kodu)
    • rdamedia
338 -Typ/rodzaj nośnika [ , ]
    • a
    • Hasło opisujące typ nośnika
    • Wolumin
    • b
    • Kod typu nośnika
    • nc
    • 2
    • Źródło (terminu i kodu)
    • rdacarrier
490 -Strefa serii i książki wielotomowej - forma nie do wyszukiwania [1, ]
    • a
    • Tytuł (P)
    • Rozprawy i Studia / Uniwersytet Szczeciński, Find
    • x
    • ISSN (NP)
    • 0860-2751 ;
    • v
    • Numeracja (P)
    • t. (785) 711
830 -Hasło dodatkowe serii i opisu książki wielotomowej - tytuł ujednolicony/tytuł [ ,0]
    • a
    • Tytuł ujednolicony/tytuł (NP)
    • Rozprawy i Studia - Uniwersytet Szczeciński
    • x
    • ISSN
    • 0860-2751
    • v
    • Oznaczenie tomu (NP)
    • t. 711
    • 9
    • KHW
    • 700
504 -Uwaga dot. bibliogr. załącznikowej [ , ]
    • a
    • Uwaga dot. bibliografii załącznikowej
    • Bibliogr. s. 239-261.
546 -Uwaga dot. języka [ , ]
    • a
    • Uwaga dot. języka
    • Streszcz. niem.
080 -Uniwersalna Klasyfikacja Dziesiętna [ , ]
    • 2
    • Identyfikator wydania tablic
    • UDC-P058
    • a
    • Symbol klasyfikacji
    • 37.016:316.77
    • b
    • Dopowiedzenie
    • Nauczanie edukacji medialnej.
080 -Uniwersalna Klasyfikacja Dziesiętna [ , ]
    • 2
    • Identyfikator wydania tablic
    • UDC-P058
    • a
    • Symbol klasyfikacji
    • 004
    • b
    • Dopowiedzenie
    • Informatyka i technika komputerowa.
080 -Uniwersalna Klasyfikacja Dziesiętna [ , ]
    • 2
    • Identyfikator wydania tablic
    • UDC-P058
    • a
    • Symbol klasyfikacji
    • 37.091.2-057.16
    • b
    • Dopowiedzenie
    • Nauczyciele. Wychowawcy. Status zawodowy nauczyciela. Rozwój zawodowy. Awans zawodowy nauczyciela.
650 -Hasło przedmiotowe [ ,7]
    • a
    • Hasło przedmiotowe
    • Nauczyciele
    • x
    • Określnik rzeczowy
    • kształcenie
    • z
    • Określnik geograficzny
    • Polska
    • y
    • Określnik chronologiczny
    • 1990-.
    • 2
    • Źródło terminu
    • kaba
    • 9
    • KHW
    • 366701
650 -Hasło przedmiotowe [ ,7]
    • a
    • Hasło przedmiotowe
    • Informatyka
    • x
    • Określnik rzeczowy
    • studia i nauczanie
    • z
    • Określnik geograficzny
    • Polska
    • y
    • Określnik chronologiczny
    • 1990-.
    • 2
    • Źródło terminu
    • kaba
    • 9
    • KHW
    • 361081
650 -Hasło przedmiotowe [ ,7]
    • a
    • Hasło przedmiotowe
    • Mass media
    • x
    • Określnik rzeczowy
    • studia i nauczanie
    • z
    • Określnik geograficzny
    • Polska.
    • 2
    • Źródło terminu
    • kaba
    • 9
    • KHW
    • 628500
650 -Hasło przedmiotowe [ ,7]
    • a
    • Hasło przedmiotowe
    • Kwalifikacje zawodowe
    • z
    • Określnik geograficzny
    • Polska
    • x
    • Określnik rzeczowy
    • badania.
    • 2
    • Źródło terminu
    • kaba
    • 9
    • KHW
    • 385413
650 -Hasło przedmiotowe [ ,7]
    • a
    • Hasło przedmiotowe
    • Edukacja i informatyka.
    • 2
    • Źródło terminu
    • kaba
    • 9
    • KHW
    • 107221
980 -Symbol UKD [ , ]
    • a
    • UKD
    • 37.016:316.77:004:37.091.2-057.16
710 -Hasło dodatkowe - nazwa ciała zbiorowego [2, ]
    • a
    • Nazwa ciała zbiorowego lub nazwa geograficzna jako pierwszy element (NP)
    • Uniwersytet Szczeciński.
    • b
    • Nazwa jednostki podrzędnej (P)
    • Wydawnictwo Naukowe.
    • 4
    • Kod relacji
    • pbl
    • 9
    • KHW
    • 51208
920 -ISBN [ , ]
    • a
    • ISBN
    • 978-83-7241-689-6 Find
Data inwentaryzacji Lokalizacja Numer inwentarzowy Status udost. Sygnatura
2009-04-30BEE.71880-2 
2009-04-30BES.93405-2 
2009-04-30BES.93406-2 
2011-10-17BEE.733961Ec.38503
2009-04-21BGN.192951 
2009-04-21BGZ.1128821